Statistics for Double G Answers

Click here to take the quiz!

General Stats

  • This quiz has been taken 23,252 times
    (10,653 since last reset)
  • The average score is 13 of 20

Answer Stats

Hint Answer % Correct
Breakfast cereal companyKellogg's
95%
Bob Marley's musical genreReggae
91%
Sheepskin boots popular among
young women in the 2000s
Ugg
85%
Scottish delicacy traditionally stuffed in
a sheep stomach
Haggis
82%
Friend of Winnie-the-PoohTigger
81%
To negotiate to get a better priceHaggle
80%
Scooby Doo friend who says "Zoinks!"Shaggy
75%
Non-magical person in the
Harry Potter universe
Muggle
75%
Group of geeseGaggle
74%
Vegetable called aubergine in the U.K.Eggplant
69%
Unit of gold or chickenNugget
67%
NYC art museum designed by
Frank Lloyd Wright
Guggenheim
64%
Video game about an amphibian
crossing a busy street
Frogger
61%
Particle discovered in 2012:
_____ Boson
Higgs
53%
Alanis Morissette album:
"______ Little Pill"
Jagged
48%
Bob Marley's sonZiggy
44%
Either a weapon or a name for
this symbol: †
Dagger
42%
Ayn Rand book: "Atlas _______"Shrugged
42%
Word that means "an unstoppable force".
Also the name of an X-men villain
Juggernaut
39%
Singer of the StoogesIggy
28%

Score Distribution

Percentile by Number Answered

Percent of People with Each Score

Your Score History

You have not taken this quiz since the last reset